Gaming Quiz

Random Gaming or Video Games Quiz
Score 0/20 Timer 07:00
9 Plays Today
Question Answer Wrong Answers
Crash Bandicoot PlayStation 1
80%
PlayStation 2
9.7%
PlayStation 3
2.3%
PlayStation 4
1.8%
Grand Theft Auto: Vice City PlayStation 2
74.5%
PlayStation 1
9%
PlayStation 3
8.7%
PlayStation 4
1.6%
Overwatch PlayStation 4
70.6%
PlayStation 1
4.4%
PlayStation 2
5.6%
PlayStation 3
13.2%
Red Dead Redemption PlayStation 3
66.4%
PlayStation 1
4.8%
PlayStation 2
15.8%
PlayStation 4
6.6%
Call of Duty: Black Ops PlayStation 3
66.4%
PlayStation 1
5.5%
PlayStation 2
17.1%
PlayStation 4
5%
Metal Gear Solid PlayStation 1
65.7%
PlayStation 2
18.7%
PlayStation 3
6.8%
PlayStation 4
2.5%
Horizon Zero Dawn PlayStation 4
64.4%
PlayStation 1
6.4%
PlayStation 2
10.5%
PlayStation 3
12.4%
The Last of Us PlayStation 3
63.4%
PlayStation 1
4.4%
PlayStation 2
5.9%
PlayStation 4
19.9%
LittleBigPlanet PlayStation 3
63.1%
PlayStation 1
7.9%
PlayStation 2
18.4%
PlayStation 4
4.1%
Gran Turismo PlayStation 1
62.7%
PlayStation 2
20.5%
PlayStation 3
7.8%
PlayStation 4
2.6%
PaRappa The Rapper PlayStation 1
60.6%
PlayStation 2
22.6%
PlayStation 3
6.9%
PlayStation 4
3.4%
Kingdom Hearts PlayStation 2
60.6%
PlayStation 1
21.2%
PlayStation 3
8.6%
PlayStation 4
3.3%
God of War PlayStation 2
58.1%
PlayStation 1
11.5%
PlayStation 3
16%
PlayStation 4
8%
Shadow of the Colossus PlayStation 2
57.7%
PlayStation 1
10.9%
PlayStation 3
15.5%
PlayStation 4
9.4%
Devil May Cry PlayStation 2
55%
PlayStation 1
18.6%
PlayStation 3
14.7%
PlayStation 4
5.2%
Silent Hill PlayStation 1
53.1%
PlayStation 2
26.6%
PlayStation 3
9.8%
PlayStation 4
4.1%
Until Dawn PlayStation 4
53%
PlayStation 1
6.7%
PlayStation 2
11.5%
PlayStation 3
22.2%
Dragon Age: Origins PlayStation 3
48.3%
PlayStation 1
12.6%
PlayStation 2
25.4%
PlayStation 4
7.1%
The Last Guardian PlayStation 4
47.6%
PlayStation 1
8.2%
PlayStation 2
18.3%
PlayStation 3
19.5%
Bloodborne PlayStation 4
44.8%
PlayStation 1
8.3%
PlayStation 2
15%
PlayStation 3
25.4%
Remove Ads.
Support Sporcle.
Get the best of Sporcle when you Go Orange. This ad-free experience offers more features, more stats, and more fun while also helping to support Sporcle. Thank you for becoming a member.

You're not logged in!

Compare scores with friends on all Sporcle quizzes.
OR
Log In

Show Comments

Extras

Top Quizzes Today


Score Distribution

Your Account Isn't Verified!

In order to create a playlist on Sporcle, you need to verify the email address you used during registration. Go to your Sporcle Settings to finish the process.

Report this User

Report this user for behavior that violates our Community Guidelines.

Details: